BIBLIOTECA PODER JUDICIAL
Portal Judicial TDF

Compensación económica como consecuencia del cese de una unión convivencial : (Registro nro. 6222)

000 -LEADER
fixed length control field 01393nab a22002537a 4500
003 - CONTROL NUMBER IDENTIFIER
control field OSt
005 - DATE AND TIME OF LATEST TRANSACTION
control field 20260126012102.0
008 - FIXED-LENGTH DATA ELEMENTS--GENERAL INFORMATION
fixed length control field 190514b xxu||||| |||| 00| 0 spa d
040 ## - CATALOGING SOURCE
Transcribing agency PJ
100 ## - MAIN ENTRY--PERSONAL NAME
9 (RLIN) 6944
Personal name Soler, Guadalupe
245 10 - TITLE STATEMENT
Title Compensación económica como consecuencia del cese de una unión convivencial :
Remainder of title un análisis jurisprudencial /
Statement of responsibility, etc Guadalupe Soler, Susana M. Squizzato.
300 ## - PHYSICAL DESCRIPTION
Extent p. 172-179
500 ## - GENERAL NOTE
General note Cita: TR LALEY AR/DOC/2114/2024.
505 ## - FORMATTED CONTENTS NOTE
Formatted contents note Sumario: I. Introducción.— II. El caso.— III. Compensación económica a partir de una mirada de género: valoración de los recaudos de procedencia.— IV. El quantum de la compensación económica: monto, duración y modalidad.— V. Palabras finales.
505 ## - FORMATTED CONTENTS NOTE
Title Fallo comentado: JCiv. de Personas y Familia Nro. 2, Salta ~ 11/05/2023 ~ P., M. N. c. L., P. A. s/ sumario.<br/>
505 ## - FORMATTED CONTENTS NOTE
Title Fallo comentado: CCiv. y Com., Salta, sala II ~ 01/03/2024 ~ P., M. N. c. L., P. A. s/ sumario.
650 #0 - SUBJECT ADDED ENTRY--TOPICAL TERM
9 (RLIN) 967
Topical term or geographic name as entry element DERECHO DE FAMILIA
650 #0 - SUBJECT ADDED ENTRY--TOPICAL TERM
9 (RLIN) 5830
Topical term or geographic name as entry element COMPENSACIÓN ECONÓMICA
650 #0 - SUBJECT ADDED ENTRY--TOPICAL TERM
9 (RLIN) 1053
Topical term or geographic name as entry element UNIONES CONVIVENCIALES
650 #0 - SUBJECT ADDED ENTRY--TOPICAL TERM
9 (RLIN) 1057
Topical term or geographic name as entry element JURISPRUDENCIA APLICABLE
700 ## - ADDED ENTRY--PERSONAL NAME
9 (RLIN) 6945
Personal name Squizzato, Susana M.
773 0# - HOST ITEM ENTRY
Host Biblionumber 2844
Host Itemnumber 3222
Place, publisher, and date of publication Buenos Aires : AbeledoPerrot, 1989-
Title Derecho de familia. Revista Interdisciplinaria de doctrina y jurisprudencia. Octubre 2024-V.
International Standard Book Number 18511201
942 ## - ADDED ENTRY ELEMENTS (KOHA)
Source of classification or shelving scheme
Koha item type Analítica Artículo de Revista

No hay ítems disponibles.

12 de Octubre 789 Ushuaia - Tel:  54(02901)441571
Horario de Atención: 8.00 a 17.00 hs. 
bibliotecaush@justierradelfuego.gov.ar
koha@justierradelfuego.gov.ar
Seguinos en nuestras redes @bibliojustdf 

Con tecnología Koha